ALL Taylor Swift songs - Statistics

Estatísticas Gerais
  • Esse quiz foi jogado 23 vezes
  • A pontuação média é 7 de 10
Estatísticas das Respostas
Taylor Swift % Correto
Tim Mcgraw oi
91%
Picture to Burn
87%
Our Song
83%
Teardrops on my guitar
78%
Cold as you
65%
Should've said no
61%
Stay Beautiful
57%
The outside
57%
Tied together with a smile
57%
Mary's song(oh My,My,My)
30%
Nenhum quiz correspondente encontrado
Distribuição das Pontuações
Porcentagem de Pessoas com Cada Pontuação
Percentil de Números Respondidos
Sua Pontuação Histórica
Você não jogou esse quiz